Statistiques concernant Anagramme - Champions LoL #1

Cliquez ici pour prendre le quiz!

Statistiques générales

  • Ce quiz a été pris 127 fois
  • Le résultat moyen est 8 sur 15

Statistiques - réponses

AnagrammeRéponse% Correct
laioliIllaoi
94%
najanJanna
91%
wutniulepmnluNunu et Willump
82%
saergvGraves
79%
sacoispiaeCassiopeia
70%
grehdimenireHeimerdinger
66%
ivogeViego
64%
wisanSwain
60%
sodrikraeemMordekaiser
56%
hanhtekmcTahm Kench
52%
kedstliicdfFiddlesticks
47%
trisefonmusMiss Fortune
26%
charmeiHecarim
19%
untencorNocturne
19%
gacralsanetRenata Glasc
9%

Distribution des résultats

Percentile par nombre de réponses

% des personnes avec chaque résultat

Votre développement - résultats

Vous n’avez pas pris ce quiz